Detalles MARC
| 000 -LIDER |
| fixed length control field |
02315nam a2200313 a 4500 |
| 001 - NÚMERO DE CONTROL |
| Identificador de número de control |
|
| 003 - IDENTIFICACDOR DE NÚMERO DE CONTROL |
| control field |
DO-SdBNP |
| 005 - DATE AND TIME OF LATEST TRANSACTION |
| control field |
20220718135250.0 |
| 007 - CAMPOS FIJOS DE DESCRIPCIÓN FÍSICA |
| fixed length control field |
|
| 008 - ELEMENTOS DE LONGITUD FIJA |
| fixed length control field |
100825s1975 dr c 000 0bspa d |
| 040 ## - FUENTE DE CATALOGACIÓN |
| Agencia que crea de manera original el registro |
BPMSU |
| Idioma de catalogación |
spa |
| Agencia que realiza la transcripción |
BPMSU |
| 082 ## - NÚMERO DE CLASIFICACIÓN DECIMAL DE DEWEY |
| Classification number |
923.57293 |
| Item number |
L965R, 1975 |
| Edition number |
22 |
| 092 ## - LOCALLY ASSIGNED DEWEY DECIMAL CALL NUMBER |
| Número de clasificación |
. |
| 100 1# - ASIENTO PRINCIPAL -- NOMBRE PERSONAL |
| Nombre personal |
Rodríguez Objío, Manuel |
| Fechas asociadas con el nombre |
1838-1871 |
| 245 10 - MENCIÓN DE TITULO |
| Título |
Gregorio Luperón e historia de la restauración / |
| Mención de responsabilidad |
Manuel Rodríguez Objío |
| 250 ## - MENCIÓN DE EDICION |
| Mención de edición |
|
| 260 ## - PUBLICACIÓN, DISTRIBUCIÓN, ETC. (PIE DE IMPRENTA) |
| Lugar de publicación, distribución, etc |
Santiago de los Caballeros, República Dominicana : |
| Nombre del editor, distribuidor, etc. |
Sociedad Dominicana de Bibliófilos ; |
| -- |
Editora Santo Domingo, |
| Fecha de publicación, distribución, etc |
1975 |
| 300 ## - DESCRIPCIÓN FÍSICA |
| Extensión |
v. : |
| Otros detalles físicos |
|
| Dimensiones |
24 cm. |
| 490 ## - MENCIÓN DE SERIES |
| Mención de serie |
Sociedad Dominicana de Bibliófilos, |
| -- |
Cultura dominicana |
| 500 ## - NOTA GENERAL |
| Materiales especificados |
Incluye referencias bibliográficas y notas al pie de las páginas |
| 505 0# - NOTA DE CONTENIDO |
| Texto normalizado de contenido |
Presentación / Porfirio García Fernández -- Manuel Rodríguez Objío: precursor de la historia nacional / Roberto Cassá -- Nota biográfica / Luis E. Alemar -- Dos cartas -- Prólogo -- Introducción -- Antes de 1863 -- Primer episodio de la restauración -- El 16 de agosto -- Gobierno provisorio de Salcedo -- Campaña de Baní -- La confinación de Luperón a Sabaneta -- Segunda campaña del Este -- Documentos, campaña de Este -- Muerte de Salcedo -- Dictadura del gobierno de Polanco -- Un artículo del Boletín Oficial -- La primera reforma reaccionaria -- La segunda República -- Luperón en el destierro --<br/>Presentación -- Manuel Rodríguez Objío precursor de la historia nacional -- Relaciones con Haití -- El Triunvirato en Santo Domingo: su renuncia -- El Partido Nacional en el poder -- Los baecistas derrocan a Cabral -- Contrarrevolución de los proscritos -- Luperón dirige el movimiento nacionalista -- Proyectos, intrigas y desavenencias -- Actividades de la causa nacional -- Odisea y complicaciones del "Telégrafo" -- Agitaciones contra la anexión a los Estados Unidos -- Post scriptum. |
| 533 ## - NOTA DE REPRODUCCIÓN |
| Tipo de producción |
Facsímil:<br/> |
| Lugar de reproducción |
Santiago, República Dominicana: |
| Agencia responsable de la reproducción |
Editorial El Diario, |
| Fecha de reproducción |
1939 |
| 586 ## - AWARDS NOTE |
| Awards note |
Primer Premio en el Concurso de Historia del Centenario de la Restauración. |
| 600 14 - ENCABEZAMIENTO DE MATERIA--NOMBRE PERSONAL |
| Nombre personal |
Luperón Guegorio |
| Fechas asociadas con el nombre |
1839-1897 |
| 651 #4 - ENCABEZAMIENTO DE MATERIA--NOMBRE GEOGRÁFICO |
| Nombre geográfico |
República Dominicana |
| Subdivisión temática general |
Historia |
| Subdivisión cronológica |
Restauración, 863-1865 |
| 830 ## - ASIENTO SECUNDARIO DE SERIE--TÍTULO UNIFORME |
| Nombre de la parte o sección de una obra |
Biblioteca juvenil Tobogán |
| 910 ## - VALIDACIÓN |
| Validación |
VMateo |
| 942 ## - ADDED ENTRY ELEMENTS (KOHA) |
| Source of classification or shelving scheme |
Dewey Decimal Classification |
| Koha item type |
Libros |